00654 2200229 4500001002100000005001500021035002000036007000300056008004100059020000800100082001600108084002200124100002400146245005400170250002000224260003500244300004500279650001700324700003100341504001600372856003600388INLIS00000000113755320220119084528 a0010-0122002665ta220119 g 0 ind  a... aK 372 Yus b aK 372 Yus b FAJ b0 aFajar Maulana Yusuf1 aBeningnya Air Sucinya Hati /cFajar Maulana Yusuf aCetakan Pertama a... :bMughni Sejahtera,c2007 a108 halaman :bilustrasi ;c21x15cme... 4aPersahabatan0 aDesain Cover:Anwar Firdaus ahalaman 108 aPerpustakaan Umum Kota Makassar